| 000 | 01222nam a22003497a 4500 | ||
|---|---|---|---|
| 003 | CHAP | ||
| 005 | 20220329135446.0 | ||
| 008 | 971013s1983 r 00010 d | ||
| 010 | _a36828 | ||
| 011 | _a37800 | ||
| 035 | _a41920 | ||
| 040 | _cCHAP | ||
| 090 | _aTesis | ||
| 100 | 0 | 0 |
_aOrtiz Mena, Verónica Eugenia. _984019 |
| 245 | _aAislamiento de bacteriófagos de Erwinia carotovora a partir de material vegetal infectado y pruebas de especificidad | ||
| 260 |
_aMonterrey, N. L. : _bEl autor, _c1983 |
||
| 300 | _a53 h. | ||
| 502 | _aTesis (Ing. Agr. Parasitólogo) -- ITESM. División de Ciencias Agropecuarias y Marítimas | ||
| 590 |
_aALEPH _b10 _c20130110 _lUCH01 _h1302 |
||
| 590 |
_aBATCH-UPD _b10 _c20130110 _lUCH01 _h0134 |
||
| 590 |
_aBATCH-UPD _b10 _c20130110 _lUCH01 _h2254 |
||
| 590 |
_aBATCH-UPD _b10 _c20130409 _lUCH01 _h2130 |
||
| 590 |
_aBATCH-UPD _b10 _c20130410 _lUCH01 _h1548 |
||
| 590 |
_aBATCH-UPD _b10 _c20130914 _lUCH01 _h0518 |
||
| 590 |
_aBATCH-UPD _b10 _c20130914 _lUCH01 _h2120 |
||
| 590 |
_aCONVERSION _b10 _c20130109 _lUCH01 _h1321 |
||
| 650 | 1 | 4 |
_aBacteriófagos. _99340 |
| 650 | 1 | 4 |
_aErwinia carotovora. _937359 |
| 901 | _aBK | ||
| 942 | _cTESIS | ||
| 949 |
_bBC _cTES _d-96363 _eTS1 _i41920 _si |
||
| 999 |
_c36828 _d36828 |
||